[Event "Voronezh op-B 23rd"]
[Site "Voronezh"]
[Date "2019.06.12"]
[Round "1"]
[White "Titarenko, Pavel"]
[Black "Bujakevich, Aleksandr"]
[Result "0-1"]
[WhiteElo "1657"]
[BlackElo "2025"]
[PlyCount "56"]
[EventDate "2019.06.12"]
[EventType "swiss"]
[EventRounds "9"]
[EventCountry "RUS"]
[SourceTitle "EXT 2020"]
[Source "ChessBase"]
[SourceDate "2019.10.17"]
[SourceVersion "1"]
[SourceVersionDate "2019.10.17"]
[SourceQuality "1"]

1. e4 e5 2. Nf3 Nc6 3. Bc4 Bc5 4. b4 Bxb4 5. c3 Ba5 6. d4 exd4 7. 0-0 d6 8. cxd4 Bb6 9. Bb2 Nf6 10. Nc3 0-0 11. h3 Nxe4 12. Bxf7+ Rxf7 13. Nxe4 h6 14. Qb3 Bf5 15. Ng3 Na5 16. Qc3 Be6 17. Nh5 Bd5 18. Qe3 Nc4 19. Qc1 Nxb2 20. Qxb2 Bxf3 21. gxf3 Qh4 22. Ng3 Bxd4 23. Qd2 Qxg3+ 24. Kh1 Qxh3+ 25. Kg1 Qg3+ 26. Kh1 Qxf3+ 27. Kg1 Qg4+ 28. Kh1 Rf3 0-1

[Event "Gibraltar Challengers op-A"]
[Site "Caleta"]
[Date "2019.01.25"]
[Round "5"]
[White "Cano Sevila, Ivan"]
[Black "Bujakevich, Aleksandr"]
[Result "1-0"]
[WhiteElo "1950"]
[BlackElo "2054"]
[PlyCount "93"]
[EventDate "2019.01.21"]
[EventType "swiss"]
[EventRounds "5"]
[EventCountry "GGB"]
[SourceTitle "CBM 188 Extra"]
[Source "ChessBase"]
[SourceDate "2019.02.26"]
[SourceVersion "1"]
[SourceVersionDate "2019.02.26"]
[SourceQuality "1"]

1. Nf3 d5 2. e3 Nf6 3. c4 e6 4. Nc3 Be7 5. b3 0-0 6. Bb2 Nbd7 7. d4 b6 8. Qc2 Bb7 9. Bd3 Rc8 10. Ne5 dxc4 11. bxc4 Bxg2 12. Rg1 Bb7 13. 0-0-0 Bd6 14. f4 Qe7 15. Rg3 h6 16. Rdg1 Ne8 17. Rh3 Nxe5 18. fxe5 Ba3 19. Rxh6 Bxb2+ 20. Kxb2 f5 21. exf6 Rxf6 22. Rh3 Nd6 23. Bh7+ Kf8 24. Bd3 Kg8 25. Rhg3 Nf5 26. Bxf5 exf5 27. Rxg7+ Qxg7 28. Rxg7+ Kxg7 29. Ne2 Re8 30. Nf4 Kf7 31. Qf2 Be4 32. Qh4 Rg8 33. Qh5+ Kg7 34. Qd1 Rh6 35. h3 a5 36. d5 Kh7 37. Qd4 c6 38. Qe5 cxd5 39. cxd5 a4 40. d6 Rg7 41. Nd5 Rg2+ 42. Ka3 Rd2 43. Qe7+ Kh8 44. Qf8+ Kh7 45. Qf7+ Kh8 46. Nf6 Rd3+ 47. Kb4 1-0

[Event "Gibraltar Challengers op-A"]
[Site "Caleta"]
[Date "2019.01.22"]
[Round "2"]
[White "Bujakevich, Aleksandr"]
[Black "Lacrosse, Marc"]
[Result "1/2-1/2"]
[WhiteElo "2054"]
[BlackElo "2182"]
[PlyCount "78"]
[EventDate "2019.01.21"]
[EventType "swiss"]
[EventRounds "5"]
[EventCountry "GGB"]
[SourceTitle "CBM 188 Extra"]
[Source "ChessBase"]
[SourceDate "2019.02.26"]
[SourceVersion "1"]
[SourceVersionDate "2019.02.26"]
[SourceQuality "1"]

1. e4 e5 2. Nf3 Nc6 3. Bc4 Bc5 4. c3 Nf6 5. d3 a6 6. Bb3 0-0 7. Nbd2 h6 8. 0-0 Ba7 9. Re1 Re8 10. Nf1 d6 11. Ng3 Be6 12. Bxe6 Rxe6 13. d4 Re8 14. d5 Ne7 15. Nh4 Kh7 16. Qf3 Qd7 17. Nhf5 Nxf5 18. Nxf5 Qd8 19. g4 Ng8 20. g5 g6 21. Nxh6 Nxh6 22. gxh6 Rf8 23. Kh1 Qh4 24. Be3 Bxe3 25. Qxe3 f5 26. Qg3 Qxh6 27. Re2 Rf6 28. Rg1 Raf8 29. f3 fxe4 30. fxe4 Rf3 31. Qg5 Qxg5 32. Rxg5 Kh6 33. Rg3 Kh5 34. Kg2 Rxg3+ 35. hxg3 Kg4 36. Re3 g5 37. c4 b6 38. Ra3 a5 39. Rc3 Rf7 1/2-1/2

[Event "Moscow op-A 14th"]
[Site "Moscow"]
[Date "2018.02.02"]
[Round "7"]
[White "Bogaudinov, Rushan"]
[Black "Bujakevich, Aleksandr"]
[Result "1-0"]
[WhiteElo "2207"]
[BlackElo "2103"]
[PlyCount "101"]
[EventDate "2018.01.27"]
[EventType "swiss"]
[EventRounds "9"]
[EventCountry "RUS"]
[SourceTitle "CBM 182 Extra"]
[Source "ChessBase"]
[SourceDate "2018.02.23"]
[SourceVersion "1"]
[SourceVersionDate "2018.02.23"]
[SourceQuality "1"]

1. e4 e5 2. Nc3 Nf6 3. g3 Bc5 4. Bg2 d6 5. d3 0-0 6. Nge2 Nc6 7. 0-0 Be6 8. Na4 Nd7 9. Nxc5 dxc5 10. b3 Qe7 11. Bb2 Nd4 12. Qd2 f6 13. f4 a5 14. a4 b6 15. Nc3 Rad8 16. Nd1 Nb8 17. Ne3 Nbc6 18. Rf2 Bxb3 19. Bxd4 Nxd4 20. cxb3 Nxb3 21. Qa2 Rxd3 22. Nd5 Qf7 23. Bf1 Rxd5 24. exd5 Nxa1 25. fxe5 Qh5 26. Qxa1 fxe5 27. Qe1 Rxf2 28. Qxf2 Qd1 29. Qa2 Qd4+ 30. Kg2 Qe4+ 31. Kf2 Qd4+ 32. Kf3 e4+ 33. Kg2 Kf8 34. Qc4 Ke7 35. Be2 Kd6 36. Qc1 Kxd5 37. Qg5+ Qe5 38. Qd8+ Kc6 39. Qa8+ Kd6 40. Bb5 Qe7 41. Bc4 Qe5 42. h4 Qf5 43. Qd8+ Kc6 44. Qe8+ Kd6 45. Be2 Kd5 46. Qd8+ Kc6 47. Qe7 g6 48. Qxh7 Kd5 49. h5 Ke5 50. hxg6 e3 51. Qxc7+ 1-0

[Event "Moscow op-A 14th"]
[Site "Moscow"]
[Date "2018.01.31"]
[Round "5"]
[White "Volovich, Vasily"]
[Black "Bujakevich, Aleksandr"]
[Result "1-0"]
[WhiteElo "2306"]
[BlackElo "2103"]
[PlyCount "91"]
[EventDate "2018.01.27"]
[EventType "swiss"]
[EventRounds "9"]
[EventCountry "RUS"]
[SourceTitle "CBM 182 Extra"]
[Source "ChessBase"]
[SourceDate "2018.02.23"]
[SourceVersion "1"]
[SourceVersionDate "2018.02.23"]
[SourceQuality "1"]

1. e4 e5 2. Nf3 Nc6 3. Nc3 Nf6 4. Bb5 Bb4 5. 0-0 0-0 6. d3 d6 7. Bg5 Bxc3 8. bxc3 Ne7 9. Bxf6 gxf6 10. Qd2 Ng6 11. Qh6 Kh8 12. g3 Rg8 13. Kh1 Qf8 14. Qe3 f5 15. exf5 Bxf5 16. Rab1 c6 17. Ba4 Qc8 18. Bb3 Rg7 19. d4 f6 20. Nd2 Bh3 21. Rg1 Qd7 22. Rbd1 d5 23. c4 exd4 24. Qxd4 dxc4 25. Nxc4 Bg4 26. Qxd7 Rxd7 27. Rxd7 Bxd7 28. Kg2 c5 29. Ne3 Ne7 30. Rd1 Bc6+ 31. f3 Kg7 32. Kf2 Rc8 33. Be6 Rc7 34. Rd8 b6 35. g4 a6 36. h4 Ra7 37. Nf5+ Nxf5 38. Rg8+ Kh6 39. Bxf5 Rg7 40. Rf8 Rc7 41. Rxf6+ Kg7 42. Rd6 b5 43. h5 b4 44. h6+ Kf8 45. Bxh7 Bxf3 46. Rf6+ 1-0

[Event "Moscow op-A 14th"]
[Site "Moscow"]
[Date "2018.01.30"]
[Round "4"]
[White "Bujakevich, Aleksandr"]
[Black "Rozanov, Pavel B"]
[Result "0-1"]
[WhiteElo "2103"]
[BlackElo "2245"]
[PlyCount "52"]
[EventDate "2018.01.27"]
[EventType "swiss"]
[EventRounds "9"]
[EventCountry "RUS"]
[SourceTitle "CBM 182 Extra"]
[Source "ChessBase"]
[SourceDate "2018.02.23"]
[SourceVersion "1"]
[SourceVersionDate "2018.02.23"]
[SourceQuality "1"]

1. e4 Nc6 2. d4 e5 3. d5 Nce7 4. c4 Nf6 5. Nc3 Ng6 6. Be3 Bb4 7. Bd3 0-0 8. Qb3 Qe7 9. f3 Bc5 10. Bg5 h6 11. Bd2 Nh4 12. Bf1 d6 13. Na4 Bd4 14. g3 Ng6 15. Ne2 c5 16. Nac3 a6 17. Bg2 Nd7 18. Nxd4 exd4 19. Ne2 f5 20. exf5 Rxf5 21. f4 Rf8 22. Qd3 Nde5 23. fxe5 Nxe5 24. Qb3 Bg4 25. h3 Bxe2 26. Kxe2 Nxc4+ 0-1